000 01069nam a2200253 a 4500
005 20171120093116.0
008 171120s2017 ck bo gr 000 0 spa d
020 _a9789585402010
040 _aCO-BoUCM
_bspa
_cSandra Palacio
_dSandra Palacio
100 1 _aGonzález Ordoñez, Luis Gerardo
_989187
245 1 0 _aLuchas y resistencias campesinas en Colombia: 1948-2015
_bcaminos de la guerra y de la paz
_cLuis Gerardo González ; colaboración Diana Patricia Sánchez, Aurora González
260 _aBogotá (Colombia)
_bEdiciones Aurora
_c2017
300 _a218 páginas
_bmapas, fotografías
490 0 _aHistoria
610 2 4 _aColombia
_bEjército Nacional
_xActividades
_989188
650 1 7 _aMovimientos campesinos
_zColombia
_989189
650 2 7 _aReforma agraria
_zColombia
_923279
650 2 7 _aSindicatos
_zColombia
_927572
650 2 7 _aGuerrillas
_zColombia
_916642
700 1 _aSánchez M., Diana Patricia
_989190
700 1 _aGonzález Mora, Aurora
_989191
942 _2DEWEY
_cLIBRO
_a5
_e1
_h305.5633
_mG643lr
999 _c307558
_d307558